| 000 | 01881cam a22003734a 4500 | ||
|---|---|---|---|
| 999 |
_c26359 _d26359 |
||
| 001 | 12476807 | ||
| 005 | 20170204093431.0 | ||
| 008 | 010719s2001 nyua bc 001 0deng | ||
| 010 | _a 2001044343 | ||
| 020 | _a1588390063 (alk. paper) | ||
| 020 | _a1588390071 (pbk. : alk. paper) | ||
| 020 | _a0300090773 (Yale University Press) | ||
| 042 | _apcc | ||
| 050 | 0 | 0 | _aND623 .G366A4 2001 |
| 082 | 0 | 0 |
_a759.5/09/032074 _221 |
| 100 | 1 | _aChristiansen, Keith. | |
| 245 | 1 | 0 |
_aOrazio and Artemisia Gentileschi / _cKeith Christiansen, Judith W. Mann. |
| 260 |
_aNew York : _bMetropolitan Museum of Art ; _aNew Haven : _bYale University Press, _cc2001. |
||
| 300 |
_axx, 476 p. : _bill. (some col.) ; _c29 cm. |
||
| 500 | _aCatalog of an exhibition held at the Museo del Palazzo di Venezia, Rome, Oct. 15. 2001-Jan. 6, 2002, the Metropolitan Museum of Art, New York, Feb. 14-May 12. 2002, and the St. Louis Art Museum, June 15-Sept. 15, 2002. | ||
| 504 | _aIncludes bibliographical references (p. 451-467) and indexes. | ||
| 600 | 1 | 0 |
_aGentileschi, Orazio, _d1563-1638? _vExhibitions. |
| 600 | 1 | 0 |
_aGentileschi, Artemisia, _d1593-1652 or 1653 _vExhibitions. |
| 700 | 1 |
_aMann, Judith Walker, _d1950- |
|
| 700 | 1 |
_aGentileschi, Orazio, _d1563-1638? |
|
| 700 | 1 |
_aGentileschi, Artemisia, _d1593-1652 or 1653. |
|
| 710 | 2 | _aMuseo di Palazzo Venezia (Rome, Italy) | |
| 710 | 2 | _aMetropolitan Museum of Art (New York, N.Y.) | |
| 710 | 2 | _aSt. Louis Art Museum. | |
| 942 |
_2lcc _cBOOKS |
||